000 02079nam0a2200397 4500
001 RU\NLR\bibl\1522571
005 20260409065600.0
010 _a978-5-9935-0146-8
_9200
021 _aRU
_b2010-35038
_92346
035 _a(NLR Aleph) 001513928
090 _a98040
_c98040
100 _a20100610d2009 |||y0rusy50 ca
101 0 _arus
_aeng
102 _aRU
105 _ay |||||||||
200 1 _aСоединенные Штаты Америки
_eучебное пособие
_e[основано на кн. Билла Брайсона "Notes from a big country"]
_fО.А. Леонтович, Т.В. Дьякова
210 _aВолгоград
_cПеремена
_d2009
215 _a243 с.
_d21
300 _aНа доп. тит. л.: The United States explained / Olga Leontovich, Tatyana Dyakova
488 0 _12001#$aNotes from a big country
_1700#1$3RU\NLR\auth\77114616$7ba$aBryson$bB.$f1951-$gBill$4070
_tNotes from a big country
_aBryson, Bill (1951-)
513 1 _6z45790
_aThe United States explained
_zeng
513 0 _aThe United States explained
_zeng
606 1 _aАнглийский язык
_jУчебные издания для высших учебных заведений
_9972309
_3RU\NLR\auth\6646032
606 _aАнглийский язык
_xНациональные варианты
_yСоединенные Штаты Америки
_jУчебные издания для высших учебных заведений
_3RU\NLR\auth\6645287
_9970863
686 _aШ143.21-93рус3
_bД890(7США)
686 _aШ143.21-93рус3-54
700 1 _4070
_8rus
_7ca
_aЛеонтович
_bО. А.
_gОльга Аркадьевна
_3RU\NLR\auth\7766767
_949695
701 1 _aДьякова
_bТ. В.
_gТатьяна Владимировна
_4070
790 1 _4070
_8rus
_7ba
_aLeontovič
_bO. A.
_gOl'ga Arkad'evna
_3RU\NLR\auth\7766770
_949698
790 1 _6z45
_aD'jakova
_bT. V.
_gTat'jana Vladimirovna
_4070
801 0 _aRU
_bNLR
_c20100610
_gRCR
801 1 _aRU
_bNLR
_c20100610
942 _cBOOK
980 _aNB